Регионална библиотека "Любен Каравелов" - Русе

Избранные стихотворения (Запис номер 444928)

MARC детайли
000 -Лидер
Контролно поле с фиксирана дължина nam a22 a 4500
003 - Код на организацията, давaща контролен номер
Контролно поле BLK
005 - Дата и час на последна редакция
Контролно поле 20220215111255.0
008 - Елементи от данни с фиксирана дължина
fixed length control field 220215b bu |||||r|||| 00| | bu d
040 ## - Източник на каталожния запис
Идентификатор на билиотеката - собственик на записа BLK
041 ## - Код за език
Код за езика на текст/звукозапис или на отделно заглавие Руски
Код за езика КДБФ Руски
080 ## - УДК
Текстов определител УДК Френска литература
УДК код - определител по УДК 821.133.1
УДК определител -1
УДК - код + определител 821.133.1-1
100 ## - Редна дума - Автор
R(LIN) 270365
Автор Боске, Ален
Авторска отговорност първи автор
139 ## - Редно поле
Редна дума Боске, Ален
245 ## - Сведения за заглавието
Заглавие Избранные стихотворения
Редно поле (дума) Ален Боске; пер. с фр. под ред. Морис Ваксмахер; предисл. Евгений Винокуров
260 ## - Област на издателските данни
9 (RLIN) 212226
Място на издаване, разпространение и проч. Москва
Име на издателя, разпространителя и проч. Радуга
Година на издаване 1984
Издателство - префикс ISBN 5-05-
300 ## - Физическа характеристика
Страници 184 с.
Размери/Мащаб 17 см
380 ## - Жанр
Жанр Худож. лит.
700 ## - Други автори (авторска отговорност)
9 (RLIN) 464095
Лично име Ваксмахер, Морис
Автороска отговорност (Описва отношението между автора и произведението) пер с фр. под ред.
700 ## - Други автори (авторска отговорност)
9 (RLIN) 1268
Лично име Винокуров, Евгений Михайлович
Автороска отговорност (Описва отношението между автора и произведението) предисл. от
852 ## - Местоположение
Форматна сигнатура Цб I 21364
Фондова буква Основен фонд - ползва се само за читалня
999 ## - СИСТЕМНИ КОНТРОЛНИ НОМЕРА
Koha biblionumber 444928
Koha biblioitemnumber 444928
942 ## - АРТИКУЛИ
Вид на библиотечния материал Книги
Скрит в OPAC Не
Периодичен библиозапис Да
944 ## - СЪЗДАВАНЕ И РЕДАКЦИЯ на ЗАПИСА
Създаване/Редакция Създаване
Дата на регистрацията/редакция 2022-02-15
Служител, извършил регистрацията/редакцията Христина Везирева
Наличности
Код за отписване Код за изгубен артикул Източник на класификационната схема Код за повреда Коз за рестрикции Код за отдаване Артикулен № Име на библиотеката - собственик Име на библиотеката, в която се намира в момента Статус (Текущо местоположение) Дата на вписване в системата Местоположение - отдел Цена в лева Инвентарен номер Систематично азбучна сигнатура Баркод Цена в евро Служебен тип на артикула
  Не е изгубен Universal Decimal Classification Не е повреден само за читалня ползва се в читалня 872180 Регионална библиотека "Любен Каравелов" Русе Регионална библиотека "Любен Каравелов" Русе Основен фонд - ползва се само за читалня 2022-02-15 Хранилище 0.88 495167 Цб I 21364 120000495167 0.45 Книги
Vip Innovations Ltd, Rousse, Bulgaria 2025